000
00302nam a22001337a 4500
008
170926b xxu||||| |||| 00| 0 eng d
020
_a
2900787901669
041
_a
eng
080
_a
37
100
_a
46
101
_a
EDU
245
_a
DEMOCRACY, EDUCATION AND THE SCHOOLS
_c
SODER,R
942
_2
udc
_c
BK
999
_c
30026
_d
30026